000 00561nam a2200241Ia 4500
003 IT-RoPAU
008 120407s9999 xx 000 0 und d
040 _aIT-RoPAU
040 _cIT-RoPAU
041 _aita
100 _aAnna Maria Battista
245 _a"Lo spirito liberale e lo spirito religioso "
250 _aMilano
260 _aJaka Book
260 _c1976
300 _a201 p.
300 _c23 cm
490 _aDi fronte e attraverso
490 _v1
600 _aTocqueville nel dibattito sulla scuola
942 _cBK
999 _c28411
_d28411